Statystyki dla Piłkarska kariera Ronaldinho.

Kliknij tutaj aby rozwiązać quiz!

Ogólne statystyki

  • Ten quiz został rozwiązany 257 razy
  • Średni wynik to 4 z 8

Statystyki odpowiedzi

LataDrużyna% Poprawnych
2003-2008Barcelona
98%
2008-2011Milan
90%
2001-2003PSG
83%
2011-2012Flamengo
37%
1998-2001Gremio
35%
2012-2014Atletico Mineiro
22%
2015-2015Fluminense
20%
2014-2015Queretaro
10%

Rozkład punktacji

Percentyl według liczby udzielonych odpowiedzi

Procent ludzi z każdym wynikiem

Twoja historia wyników

Nie rozwiązałeś tego quizu